Marxism, pluralism, and beyond : classic debates and new departures
Αποθηκεύτηκε σε:
| Κύριος συγγραφέας: | |
|---|---|
| Μορφή: | Βιβλίο |
| Γλώσσα: | English |
| Δημοσίευση: |
Cambridge : Cambridge, Mass., U.S.A. :
Polity Press ; , B. Blackwell,
1989
|
| Θέματα: | |
| Ετικέτες: |
Προσθήκη ετικέτας
Δεν υπάρχουν, Καταχωρήστε ετικέτα πρώτοι!
|
MARC
| LEADER | 00000cam a2200000 i 4500 | ||
|---|---|---|---|
| 001 | 1/89488 | ||
| 008 | 981119s1989 eng d | ||
| 020 | |a 0-7456-0351-3 | ||
| 035 | |l 10035761 | ||
| 035 | |a 1993 |b 1 |c Χιωτάκης/Βιτσιλάκη | ||
| 040 | |a GR-MY-UA |b gre |e aacr | ||
| 041 | 0 | |a eng | |
| 082 | 0 | |a 306.2092 |2 (20) | |
| 100 | 1 | |a McLennan, Gregor. | |
| 245 | 1 | 0 | |a Marxism, pluralism, and beyond : |b classic debates and new departures / |c Gregor McLennan |
| 260 | |a Cambridge : |a Cambridge, Mass., U.S.A. : |b Polity Press ; , |b B. Blackwell, |c 1989 | ||
| 300 | |a x, 304 p.; |c 24 cm | ||
| 504 | |a Βιβλιογραφία: σ. [276]-294 | ||
| 504 | |a Περιέχει ευρετήριο | ||
| 600 | 1 | 0 | |a Marx, Karl, |d 1818-1883. |
| 650 | 0 | 0 | |a Pluralism (Social sciences) |
| 852 | |a INST |b RHODES |e 19981119 |h 306.092 MCL |p 005400009202 |q 005400009202 |t BK |y 0 | ||
| 909 | |a Ρ |b 026447 |c 1993 | ||